Basic Dinosaur Quiz - Statistics

General Stats
  • This quiz has been taken 40 times
  • The average score is 10 of 15
Answer Stats
Hint Answer % Correct
Dinosaur fossils have been found on how many continents? 7
97%
What is T-Rex short for? Tyrannosaurus Rex
97%
What dinosaur in the film "Jurassic Park" was called a "clever girl"? Velociraptor
97%
How many horns does a Triceratops have? 3
94%
What time period was the Stegosaurus from? Jurassic
94%
Which of the 3 Mesozoic time periods was the longest? Cretaceous
85%
What modern day group of animals is a direct descendant of the dinosaurs? Birds
82%
What is the most non-scientifically accurate dinosaur in the first "Jurassic Park" film? Dilophosaurus
70%
What marine reptile was the Loch Ness Monster thought to have been? Plesiosaur
70%
What profession studies the fossil record/dinosaurs? Paleontologist
64%
What was the first dinosaur found and officially named? Megalosaurus
58%
What does the word dinosaur actually mean? Terrible Lizard
55%
What was the most famous Diplodocus skeleton named? Dippy
27%
When was the first known dinosaur discovered? 1824
15%
What was the name of the T-Rex that sold for $31.8 million dollars? Stan
12%
No matching quizzes found
Score Distribution
Percent of People with Each Score
Percentile by Number Answered
Your Score History
You have not taken this quiz